Т. 3 : О - Р; Большой русско-английский политехнический словарь

Detalles Bibliográficos
Parent link:Большой русско-английский политехнический словарь: в 4-х т.: более 500 000 терминов. Т. 3 : О - Р.— , 1997
Lenguaje:ruso
inglés
Publicado: 1997
Materias:
Formato: MixedMaterials Libro
KOHA link:https://koha.lib.tpu.ru/cgi-bin/koha/opac-detail.pl?biblionumber=11260

MARC

LEADER 00000nam0a2200000 4500
001 11260
005 20231030183612.0
010 |a 5864550523 
035 |a (RuTPU)RU\TPU\book\11331 
035 |a BOOK00011397 
090 |a 11260 
100 |a 20011209d1997 km y0rusy50 ca 
101 0 |a rus  |a eng 
102 |a RU 
105 |a y e 000zy 
200 0 |a Т. 3 : О - Р 
210 |d 1997 
215 |a 800 с. 
461 |t Большой русско-английский политехнический словарь  |o в 4-х т.: более 500 000 терминов  |v Т. 3 : О - Р  |d 1997 
610 1 |a английский язык 
610 1 |a словари 
610 1 |a терминологические словари 
610 1 |a политехнические словари 
675 |a 62(031)  |v 3 
686 |a Ш143.21-43  |v LBC/SL-A  |2 rubbk 
801 0 |a RU  |b 63413507  |c 20011209  |g PSBO 
801 2 |a RU  |b 63413507  |c 20110909  |g PSBO 
942 |c BK